00890 a2200193 4500020001600000040001300016082001200029100001800041245003000059260003300089300003600122500001900158650009200177942002500269999001500294952012900309952012900438952012900567 a 0470844175 aDLCbDLC a621.382 aLiu, Kevin H. a IP over WDMcKevin H.Liu aNew York :bJ. Wiley,c2002. axxiii, 389 p. :bill. ;c25 cm. aIncludes Index a1.Wavelength division multiplexing.2.TCP/IP (Computer network protocol).3.Fiber optics. cBKk621.382 LIU2ddc c4730d4730 001040708NFICaCLbCLcGENd2003-06-07eNIMS Photocopierg458.00l0o621.382 LIUpSEECS003505r2012-11-14w2017-01-05yBK 001040708NFICaCLbCLcGENd2003-06-07eNIMS Photocopierg458.00l0o621.382 LIUpSEECS003503r2012-11-14w2017-01-05yBK 001040708NFICaCLbCLcGENd2003-06-07eNIMS Photocopierg458.00l0o621.382 LIUpSEECS003504r2012-11-14w2017-01-05yBK